[Event "Arco op 37th"]
[Site "Arco"]
[Date "2015.10.11"]
[Round "2"]
[White "Davies, Peter L"]
[Black "Davi, Alessandro"]
[Result "0-1"]
[WhiteElo "1997"]
[BlackElo "2180"]
[PlyCount "94"]
[EventDate "2015.10.10"]
[EventType "swiss"]
[EventRounds "9"]
[EventCountry "ITA"]
[SourceTitle "CBM 168 Extra"]
[Source "ChessBase"]
[SourceDate "2015.10.29"]
[SourceVersion "1"]
[SourceVersionDate "2015.10.29"]
[SourceQuality "1"]

1. e4 d6 2. d4 Nf6 3. Nc3 Nbd7 4. Nf3 e5 5. Bc4 Be7 6. Ng5 0-0 7. Bxf7+ Rxf7 8. Ne6 Qe8 9. Nxc7 Qd8 10. Nxa8 b6 11. Bg5 Bb7 12. d5 Ba6 13. Qd2 Qxa8 14. f3 Nc5 15. b4 Ncd7 16. b5 Bb7 17. 0-0 Qd8 18. a4 Nxd5 19. Bxe7 Nxe7 20. Qxd6 Nc8 21. Qd2 Qf8 22. Nd5 Qc5+ 23. Kh1 Bxd5 24. Qxd5 Qxd5 25. exd5 Nd6 26. g3 Rf8 27. a5 Nxb5 28. axb6 axb6 29. c4 Nd6 30. Ra7 Nc5 31. Re7 e4 32. f4 Rf7 33. Rxf7 Kxf7 34. Kg2 Nxc4 35. Ra1 Ne3+ 36. Kf2 Nxd5 37. Ra7+ Kf6 38. h3 h5 39. Ra8 Ne6 40. Ra7 e3+ 41. Ke1 Nc5 42. Ke2 Ne4 43. Kf3 Nec3 44. g4 hxg4+ 45. hxg4 e2 46. Kf2 Nxf4 47. Rd7 Ng2 0-1

[Event "ITA-chT2"]
[Site "Santa Margherita Ligure"]
[Date "2015.03.29"]
[Round "5"]
[White "Davi, Alessandro"]
[Black "Molina, Fabrizio"]
[Result "1-0"]
[WhiteElo "2128"]
[BlackElo "2217"]
[PlyCount "55"]
[EventDate "2015.03.27"]
[EventType "team-swiss"]
[EventRounds "5"]
[EventCountry "ITA"]
[SourceTitle "EXT 2017"]
[Source "ChessBase"]
[SourceDate "2016.10.25"]
[SourceVersion "1"]
[SourceVersionDate "2016.10.25"]
[SourceQuality "1"]

1. d4 d5 2. Nf3 Nf6 3. e3 Bg4 4. Be2 e6 5. Nbd2 c5 6. 0-0 Nc6 7. c4 cxd4 8. exd4 Bd6 9. b3 0-0 10. Bb2 Nh5 11. h3 Bxf3 12. Nxf3 Nf4 13. Rc1 Rc8 14. Bd3 Qf6 15. c5 Nb4 16. Bxh7+ Kxh7 17. cxd6 Nbd3 18. Rxc8 Rxc8 19. Ba3 Qg6 20. Nh4 Qg5 21. g3 Nxh3+ 22. Kg2 Rc3 23. d7 Ndxf2 24. Nf3 Qd8 25. Rxf2 Nxf2 26. Kxf2 f6 27. Ng5+ Kg6 28. Nxe6 1-0

[Event "Torino-ch 59th"]
[Site "Torino"]
[Date "2014.11.10"]
[Round "2"]
[White "Davi, Alessandro"]
[Black "Gallucci, Alessio"]
[Result "0-1"]
[WhiteElo "2118"]
[BlackElo "2178"]
[PlyCount "110"]
[EventDate "2014.11.03"]
[EventType "game"]
[EventRounds "7"]
[EventCountry "ITA"]
[SourceTitle "EXT 2016"]
[Source "ChessBase"]
[SourceDate "2015.10.08"]
[SourceVersion "1"]
[SourceVersionDate "2015.10.08"]
[SourceQuality "1"]

1. d4 f5 2. g3 Nf6 3. Bg2 g6 4. c4 Bg7 5. Nc3 0-0 6. Nf3 Kh8 7. Qc2 d6 8. 0-0 Nc6 9. Rd1 Qe8 10. Nd5 Qd8 11. a3 e6 12. Nf4 Qe8 13. d5 Nd8 14. dxe6 Ne4 15. Be3 Nxe6 16. Nxe6 Bxe6 17. Bd4 Qf7 18. Rac1 Rae8 19. b4 h6 20. Qb2 Bxd4 21. Qxd4+ Kh7 22. e3 b6 23. h4 Re7 24. Qd3 Rfe8 25. Nd4 Bd7 26. Ne2 g5 27. hxg5 hxg5 28. Nc3 Bc6 29. Nd5 Re5 30. Qd4 Kg6 31. Bf3 Rh8 32. Kg2 Nf6 33. Rh1 Rxh1 34. Rxh1 Bxd5 35. Bxd5 Nxd5 36. cxd5 Qxd5+ 37. Qxd5 Rxd5 38. Kf3 Rd3 39. Rc1 c5 40. bxc5 dxc5 41. a4 Ra3 42. Rc4 Rb3 43. a5 g4+ 44. Ke2 Rb2+ 45. Ke1 Kf6 46. Rc3 Ke5 47. Ra3 b5 48. a6 c4 49. Ra1 c3 50. Ra3 b4 51. Ra5+ Ke4 52. Rb5 b3 53. Rb4+ Kd3 54. Rd4+ Kc2 55. Rd7 Kb1 0-1

[Event "Torino-ch 58th final"]
[Site "Torino"]
[Date "2013.11.11"]
[Round "2"]
[White "Davi, Alessandro"]
[Black "Gallucci, Alessio"]
[Result "1-0"]
[WhiteElo "2155"]
[BlackElo "2208"]
[PlyCount "89"]
[EventDate "2013.11.04"]
[EventType "tourn"]
[EventRounds "7"]
[EventCountry "ITA"]
[SourceTitle "EXT 2015"]
[Source "ChessBase"]
[SourceDate "2014.11.20"]
[SourceVersion "1"]
[SourceVersionDate "2014.11.20"]
[SourceQuality "1"]

1. d4 f5 2. Nf3 Nf6 3. g3 g6 4. Bg2 Bg7 5. c4 0-0 6. Nc3 d6 7. 0-0 c6 8. Re1 Kh8 9. Qc2 Be6 10. b3 Bg8 11. Bb2 Nbd7 12. Rad1 Qa5 13. a3 Qc7 14. e4 f4 15. c5 dxc5 16. e5 Ng4 17. e6 fxg3 18. hxg3 cxd4 19. Nd5 Qd6 20. Nf4 c5 21. exd7 e5 22. Nh3 Bd5 23. Nhg5 b6 24. b4 c4 25. Ne4 Qxd7 26. Nxd4 exd4 27. Bxd4 Bb7 28. Bc5 Qf5 29. Bxf8 Rxf8 30. Re2 b5 31. Nd6 Qxc2 32. Rxc2 Bxg2 33. Kxg2 a6 34. a4 c3 35. axb5 axb5 36. Nxb5 h5 37. Nxc3 Bxc3 38. Rxc3 Rxf2+ 39. Kg1 Kg7 40. Rb3 Rf6 41. b5 Rb6 42. Rd5 Kf6 43. Ra3 Kf7 44. Ra7+ Ke8 45. Ra6 1-0

[Event "Dieppe op-A 8th"]
[Site "Dieppe"]
[Date "2012.09.01"]
[Round "9"]
[White "Payen, Arnaud"]
[Black "Davi, Alessandro"]
[Result "1/2-1/2"]
[WhiteElo "2343"]
[BlackElo "2102"]
[PlyCount "152"]
[EventDate "2012.08.26"]
[EventType "swiss"]
[EventRounds "9"]
[EventCountry "FRA"]
[SourceTitle "EXT 2018"]
[Source "ChessBase"]
[SourceDate "2017.10.13"]
[SourceVersion "1"]
[SourceVersionDate "2017.10.13"]
[SourceQuality "1"]

1. d4 d5 2. c4 e6 3. Nf3 Nf6 4. Nc3 c5 5. cxd5 exd5 6. g3 Nc6 7. Bg2 Be7 8. 0-0 0-0 9. Bg5 cxd4 10. Nxd4 h6 11. Be3 Re8 12. Qa4 Ne5 13. Nxd5 Nxd5 14. Bxd5 Bh3 15. Bxb7 Rb8 16. Nc6 Qd7 17. Nxe7+ Rxe7 18. Qxd7 Rxd7 19. Bg2 Bxg2 20. Kxg2 Rxb2 21. Rfe1 Nc4 22. Bc1 Rc2 23. h4 Re7 24. Kf1 Re6 25. Bf4 Nb6 26. Be3 Nd5 27. Bxa7 Ra6 28. Bd4 Raxa2 29. Rxa2 Rxa2 30. Rb1 Ra8 31. Rb7 Re8 32. h5 Nf6 33. Bxf6 gxf6 34. f4 Re3 35. Kf2 Ra3 36. Rb5 Kg7 37. Rd5 Rb3 38. e3 Ra3 39. Kf3 Ra4 40. Kg4 Re4 41. Rd3 Ra4 42. Rd4 Ra3 43. Kf3 Ra1 44. Rd3 Rh1 45. Kg4 f5+ 46. Kxf5 Rxh5+ 47. Ke4 Rh3 48. g4 Kg6 49. Rd6+ Kg7 50. Rd3 Kg6 51. f5+ Kg5 52. Rd7 Kf6 53. Kf4 Rh1 54. Rd6+ Kg7 55. Ke5 Re1 56. e4 Ra1 57. Rd8 Ra5+ 58. Rd5 Ra1 59. Rd6 Ra4 60. Rd8 Ra5+ 61. Kf4 Ra1 62. Re8 Ra4 63. Rc8 Ra1 64. e5 Ra4+ 65. Kf3 Ra3+ 66. Kf4 Ra4+ 67. Kg3 Ra3+ 68. Kh4 Re3 69. Re8 Re1 70. Kg3 Re4 71. Kh4 Re1 72. Kg3 Re4 73. Kh3 Re1 74. e6 fxe6 75. Re7+ Kf6 76. Re8 Kf7 1/2-1/2

[Event "Dieppe op-A 8th"]
[Site "Dieppe"]
[Date "2012.08.31"]
[Round "8"]
[White "Davi, Alessandro"]
[Black "Bianchi, Guillaume"]
[Result "1-0"]
[WhiteElo "2102"]
[BlackElo "2191"]
[PlyCount "63"]
[EventDate "2012.08.26"]
[EventType "swiss"]
[EventRounds "9"]
[EventCountry "FRA"]
[SourceTitle "EXT 2018"]
[Source "ChessBase"]
[SourceDate "2017.10.13"]
[SourceVersion "1"]
[SourceVersionDate "2017.10.13"]
[SourceQuality "1"]

1. d4 Nf6 2. Nf3 g6 3. g3 Bg7 4. Bg2 0-0 5. 0-0 d6 6. b3 Nbd7 7. Bb2 e5 8. dxe5 Ng4 9. c4 Ndxe5 10. Nxe5 Bxe5 11. Nc3 Bg7 12. h3 Ne5 13. Qd2 Be6 14. Kh2 Rb8 15. Rad1 g5 16. Ne4 g4 17. f4 gxf3 18. exf3 b5 19. f4 Bxc4 20. fxe5 Bxf1 21. Nf6+ Kh8 22. Rxf1 dxe5 23. Qg5 Re8 24. Bxe5 Re6 25. Qf5 Rxf6 26. Bxf6 Bxf6 27. Qxf6+ Qxf6 28. Rxf6 Kg7 29. Rc6 Rd8 30. Rxc7 a6 31. Rc6 a5 32. Ra6 1-0

[Event "ITA-ch U20 20th"]
[Site "Acqui Terme"]
[Date "2012.07.26"]
[Round "5"]
[White "Varvaglione, Antonio"]
[Black "Davi, Alessandro"]
[Result "0-1"]
[WhiteElo "2011"]
[BlackElo "2102"]
[PlyCount "51"]
[EventDate "2012.07.23"]
[EventType "swiss"]
[EventRounds "9"]
[EventCountry "ITA"]
[SourceTitle "EXT 2014"]
[Source "ChessBase"]
[SourceDate "2013.11.20"]
[SourceVersion "1"]
[SourceVersionDate "2013.11.20"]
[SourceQuality "1"]

1. e4 d5 2. exd5 Qxd5 3. Nc3 Qd6 4. d4 c6 5. Nf3 Nf6 6. Be2 Bf5 7. 0-0 Nbd7 8. Bg5 e6 9. h3 Qb4 10. Qd2 Bd6 11. Nh4 Bg6 12. a3 Qb6 13. Nxg6 hxg6 14. Rfe1 Qc7 15. Bf3 Kf8 16. Ne4 Nxe4 17. Rxe4 a5 18. a4 Nf6 19. Bxf6 gxf6 20. c4 Rd8 21. Qc3 Bb4 22. Qd3 f5 23. Re2 e5 24. d5 e4 25. Qd4 Kg8 26. Qd1 0-1

[Event "ITA-ch U20 20th"]
[Site "Acqui Terme"]
[Date "2012.07.24"]
[Round "2"]
[White "Davi, Alessandro"]
[Black "Caprio, Guido"]
[Result "1/2-1/2"]
[WhiteElo "2102"]
[BlackElo "2430"]
[PlyCount "120"]
[EventDate "2012.07.23"]
[EventType "swiss"]
[EventRounds "9"]
[EventCountry "ITA"]
[SourceTitle "EXT 2014"]
[Source "ChessBase"]
[SourceDate "2013.11.20"]
[SourceVersion "1"]
[SourceVersionDate "2013.11.20"]
[SourceQuality "1"]

1. d4 e6 2. Nf3 c5 3. e3 Nf6 4. c4 d5 5. Nc3 a6 6. Ne5 Be7 7. cxd5 exd5 8. Bd3 Nc6 9. Nxc6 bxc6 10. 0-0 0-0 11. b3 Bd6 12. h3 Re8 13. dxc5 Bxc5 14. Bb2 Ba7 15. Qf3 Bb8 16. Ne2 Ne4 17. Rad1 Qh4 18. Nf4 Ng5 19. Qh5 Qxh5 20. Nxh5 f6 21. Bxf6 gxf6 22. Nxf6+ Kf7 23. Nxe8 h6 24. h4 Ne6 25. e4 d4 26. Bc4 Kxe8 27. Bxe6 Bxe6 28. Rxd4 Be5 29. Rd3 c5 30. Rc1 Rc8 31. g3 Ke7 32. Kg2 a5 33. f4 Bd4 34. Kf3 h5 35. f5 Bd7 36. Kf4 Rg8 37. Rxd4 cxd4 38. Rd1 Rg4+ 39. Ke5 Rxg3 40. Rxd4 Be8 41. Rd5 a4 42. bxa4 Ra3 43. Ra5 Rxa2 44. Ra7+ Kf8 45. a5 Ra4 46. a6 Bc6 47. Kf6 Rxe4 48. Rc7 Be8 49. Rh7 Kg8 50. Re7 Bc6 51. Rc7 Bd5 52. a7 Rxh4 53. Rc8+ Kh7 54. a8Q Bxa8 55. Rxa8 Rf4 56. Ra7+ Kh6 57. Ke6 h4 58. f6 h3 59. Ra3 Kg5 60. Rxh3 Rxf6+ 1/2-1/2

[Event "Torino op 37th"]
[Site "Torino"]
[Date "2011.10.31"]
[Round "4"]
[White "Davi, Alessandro"]
[Black "Brugnoli, Flavio"]
[Result "1-0"]
[WhiteElo "2057"]
[BlackElo "1890"]
[PlyCount "114"]
[EventDate "2011.10.29"]
[EventType "swiss"]
[EventRounds "6"]
[EventCountry "ITA"]
[SourceTitle "EXT 2018"]
[Source "ChessBase"]
[SourceDate "2017.10.13"]
[SourceVersion "1"]
[SourceVersionDate "2017.10.13"]
[SourceQuality "1"]

1. d4 Nf6 2. Nf3 c5 3. e3 g6 4. g3 Bg7 5. Bg2 0-0 6. 0-0 d5 7. c3 Nbd7 8. Nbd2 Qc7 9. Re1 b6 10. e4 dxe4 11. Nxe4 Bb7 12. Bf4 Qc8 13. Nxf6+ Bxf6 14. Bh6 Rd8 15. Qb3 c4 16. Qc2 Bd5 17. Re3 Qb7 18. Rae1 e6 19. h4 Rac8 20. Qe2 b5 21. Bh3 Rc6 22. Ng5 Nf8 23. h5 Qe7 24. f4 Bg7 25. Bxg7 Kxg7 26. Qh2 h6 27. Nf3 Qf6 28. Ne5 Ra6 29. a3 Nd7 30. Ng4 Qf5 31. hxg6 Qxg6 32. Ne5 Nxe5 33. fxe5 f5 34. exf6+ Qxf6 35. Rf1 Qg6 36. Bg2 Rc6 37. Qh4 Qg5 38. Qxg5+ hxg5 39. Re5 Kg6 40. Rfe1 Kf6 41. Kf2 a6 42. g4 Rcd6 43. Rh1 Bxg2 44. Kxg2 Rc8 45. Rh6+ Kg7 46. Rh5 Kf6 47. Rh6+ Kg7 48. Rhxe6 Rcc6 49. Rxg5+ Kf7 50. Rxd6 Rxd6 51. Re5 Rf6 52. Kg3 Rb6 53. Kf4 a5 54. g5 Kg7 55. Kf5 Rb8 56. Re7+ Kf8 57. Ra7 a4 1-0

[Event "Torino Sada op"]
[Site "Torino"]
[Date "2011.10.24"]
[Round "7"]
[White "De Barberis, Massimo"]
[Black "Davi, Alessandro"]
[Result "0-1"]
[WhiteElo "2093"]
[BlackElo "2057"]
[PlyCount "122"]
[EventDate "2011.09.19"]
[EventType "swiss"]
[EventRounds "7"]
[EventCountry "ITA"]
[SourceTitle "EXT 2018"]
[Source "ChessBase"]
[SourceDate "2017.10.13"]
[SourceVersion "1"]
[SourceVersionDate "2017.10.13"]
[SourceQuality "1"]

1. e4 c6 2. d4 d5 3. e5 g6 4. Nc3 Bg7 5. f4 Nh6 6. Nf3 Bg4 7. Be2 Nd7 8. 0-0 e6 9. Be3 Nf5 10. Qd2 0-0 11. Bf2 f6 12. exf6 Bxf6 13. Rae1 Bxf3 14. Bxf3 Qe7 15. g3 Rae8 16. a3 Qg7 17. Ne2 Bd8 18. c3 Nf6 19. Nc1 Nd6 20. Nd3 Nde4 21. Qe2 Bc7 22. Be3 Re7 23. Nf2 Nxf2 24. Rxf2 Ne8 25. Bc1 Bb6 26. Kh1 Nc7 27. Qf1 Qf6 28. Qh3 Rfe8 29. Rfe2 c5 30. dxc5 Bxc5 31. Be3 b6 32. Qg2 Kg7 33. Qf2 Bxe3 34. Rxe3 Kf7 35. Re5 Na6 36. Qe2 Nc5 37. Kg2 Nd7 38. Re3 Kf8 39. Qd2 Kf7 40. h4 h5 41. Be2 Nc5 42. Bb5 Rc8 43. Re5 Ne4 44. Qe2 Rcc7 45. Bd3 Nd6 46. Kh3 Nf5 47. Bxf5 exf5 48. Qd3 Qc6 49. Qd4 Qc4 50. Qe3 Qc5 51. Qe2 Rxe5 52. Qxe5 Re7 53. Qxe7+ Qxe7 54. Rxe7+ Kxe7 55. Kg2 Kd6 56. Kf3 Kc5 57. b3 d4 58. Ke2 dxc3 59. Kd3 c2 60. Kxc2 Kd4 61. Kd2 b5 0-1

[Event "Nichelino op 12th"]
[Site "Nichelino"]
[Date "2011.10.08"]
[Round "4"]
[White "Topczewski, Damian"]
[Black "Davi, Alessandro"]
[Result "1/2-1/2"]
[WhiteElo "2189"]
[BlackElo "2057"]
[PlyCount "106"]
[EventDate "2011.10.06"]
[EventType "swiss"]
[EventRounds "6"]
[EventCountry "ITA"]
[SourceTitle "EXT 2023"]
[Source "ChessBase"]
[SourceDate "2022.10.05"]
[SourceVersion "1"]
[SourceVersionDate "2022.10.05"]
[SourceQuality "1"]

1. e4 c6 2. d4 d5 3. f3 Qb6 4. c3 e5 5. Qb3 Qxb3 6. axb3 exd4 7. cxd4 Be6 8. Nc3 dxe4 9. fxe4 Bxb3 10. Bf4 Nd7 11. Nf3 Ngf6 12. Nd2 Be6 13. d5 Bg4 14. h3 Bh5 15. g4 g5 16. Bxg5 Bg6 17. Bg2 Bg7 18. 0-0 0-0 19. dxc6 bxc6 20. e5 Nd5 21. Nxd5 cxd5 22. Bxd5 Bxe5 23. Bxa8 Rxa8 24. Nc4 Bg7 25. Rfd1 Ne5 26. Nxe5 Bxe5 27. Bh6 Bxb2 28. Rxa7 Re8 29. Rad7 f5 30. Rd8 fxg4 31. hxg4 Rxd8 32. Rxd8+ Kf7 33. Kf2 Ba3 34. Kf3 Ke6 35. Ra8 Bb2 36. Ra5 Bc3 37. Rb5 Kf7 38. Bf4 Ke6 39. Bc1 Bd4 40. Kf4 Bc3 41. Kg5 Bf6+ 42. Kh6 Be7 43. Bb2 Bf8+ 44. Bg7 Ba3 45. Rb6+ Kf7 46. Rf6+ Kg8 47. Rf1 Bb4 48. g5 Be7 49. Ra1 Bc5 50. Rc1 Ba3 51. Rc8+ Kf7 52. Rh8 Be7 53. Ra8 Bc5 1/2-1/2

[Event "Torino-ch"]
[Site "Torino "]
[Date "2010.11.08"]
[Round "1"]
[White "Castaldo, Folco"]
[Black "Davi, Alessandro"]
[Result "1-0"]
[WhiteElo "2419"]
[BlackElo "2055"]
[PlyCount "59"]
[EventDate "2010.11.08"]
[EventType "swiss"]
[EventRounds "7"]
[EventCountry "ITA"]
[SourceTitle "EXT 2012"]
[Source "ChessBase"]
[SourceDate "2011.11.24"]
[SourceVersion "1"]
[SourceVersionDate "2011.11.24"]
[SourceQuality "1"]

1. e4 c6 2. d4 d5 3. f3 Qb6 4. Nc3 e5 5. dxe5 Bc5 6. Na4 Qa5+ 7. c3 Bxg1 8. b4 Qc7 9. Rxg1 Qxe5 10. Qd4 Qxd4 11. cxd4 dxe4 12. fxe4 Nf6 13. Bd3 0-0 14. Kf2 Nbd7 15. Re1 Rd8 16. Bb2 Ng4+ 17. Kg1 Nde5 18. Bf1 Ng6 19. Rac1 b6 20. Rxc6 Bd7 21. b5 Bxc6 22. bxc6 Rac8 23. h3 Nf6 24. d5 Ne8 25. Ba6 Rc7 26. Nc3 Re7 27. Rd1 Nc7 28. Bb7 Ne8 29. Ba3 Re5 30. d6 1-0

[Event "EU-ch U16"]
[Site "Batumi"]
[Date "2010.09.24"]
[Round "6"]
[White "Volkov, Nika"]
[Black "Davi, Alessandro"]
[Result "1-0"]
[WhiteElo "2159"]
[BlackElo "2078"]
[PlyCount "89"]
[EventDate "2010.09.20"]
[EventType "swiss"]
[EventRounds "9"]
[EventCountry "GEO"]
[SourceTitle "CBM 138 Extra"]
[Source "ChessBase"]
[SourceDate "2010.10.29"]
[SourceVersion "1"]
[SourceVersionDate "2010.10.29"]
[SourceQuality "1"]

1. d4 d5 2. c4 c6 3. Nc3 Nf6 4. Nf3 e6 5. Qc2 Nbd7 6. e3 Bd6 7. Bd3 dxc4 8. Bxc4 Qe7 9. a4 0-0 10. 0-0 e5 11. dxe5 Nxe5 12. Nxe5 Bxe5 13. f4 Bc7 14. h3 b6 15. b3 Bb7 16. e4 b5 17. Bd3 Bb6+ 18. Kh2 b4 19. Ne2 Ng4+ 20. Kg3 Nf6 21. e5 Nh5+ 22. Kh2 g6 23. Bb2 a5 24. Rae1 Rad8 25. g4 Ng7 26. Ng3 Ne6 27. Ne4 Qh4 28. Qe2 Nxf4 29. Rxf4 Rxd3 30. Qxd3 Qxe1 31. Rf1 Qh4 32. Nf6+ Kg7 33. e6 Bc7+ 34. Kg1 Bb6+ 35. Kg2 c5+ 36. Nd5+ Kg8 37. Bf6 c4 38. Qe4 Bxd5 39. Qxd5 Qh6 40. Be7 f5 41. Bxf8 Qe3 42. e7+ Kh8 43. Qf3 Qd2+ 44. Kh1 Bc7 45. Qg2 1-0

[Event "EU-ch U16"]
[Site "Batumi"]
[Date "2010.09.22"]
[Round "3"]
[White "Davi, Alessandro"]
[Black "Mokshanov, Alexey"]
[Result "0-1"]
[WhiteElo "2078"]
[BlackElo "2271"]
[PlyCount "108"]
[EventDate "2010.09.20"]
[EventType "swiss"]
[EventRounds "9"]
[EventCountry "GEO"]
[SourceTitle "CBM 138 Extra"]
[Source "ChessBase"]
[SourceDate "2010.10.29"]
[SourceVersion "1"]
[SourceVersionDate "2010.10.29"]
[SourceQuality "1"]

1. d4 d5 2. c4 e6 3. Nc3 Nf6 4. cxd5 exd5 5. Bg5 Be7 6. e3 c6 7. Bd3 0-0 8. Qc2 Nbd7 9. Nge2 Re8 10. 0-0 Nf8 11. f3 Ng6 12. Rad1 Be6 13. Kh1 Qd7 14. Ng3 Nh5 15. Nxh5 Bxg5 16. Rde1 Bh4 17. g3 Bd8 18. Nf4 Bc7 19. Nxe6 Qxe6 20. f4 Nf8 21. e4 dxe4 22. Nxe4 Qd7 23. Ng5 h6 24. Nf3 Ne6 25. Ne5 Qxd4 26. Bh7+ Kf8 27. Rd1 Bxe5 28. Rxd4 Bxd4 29. Bf5 Bf6 30. Rd1 Kg8 31. Bxe6 Rxe6 32. b3 Rae8 33. Rd2 b6 34. b4 a6 35. Kg2 Be7 36. f5 Re5 37. Qxc6 Bxb4 38. Rd7 Bc5 39. Rd2 a5 40. a4 Kh7 41. h4 Re1 42. Qd5 R8e3 43. Rc2 f6 44. Kh3 Rf1 45. Kg2 Re5 46. Qd3 Rg1+ 47. Kh2 Re3 48. Qd5 Rgxg3 49. Rd2 Rh3+ 50. Kg2 Reg3+ 51. Kf1 Rg1+ 52. Ke2 Re3+ 53. Kf2 Rd3+ 54. Qxc5 Rxd2+ 0-1